Capítulo 10: los medios de transporte - Statistics

General Stats
  • This quiz has been taken 20 times
  • The average score is 15 of 33
Answer Stats
Hint Answer % Correct
bus el autobús
100%
car el carro / el coche
90%
subway el metro
90%
taxi el taxi
90%
train el tren
90%
bicycle la bicicleta
90%
airplane el avión
80%
boat el barco
80%
policeman/policewoman el/la policía
60%
motor; engine el motor
60%
traffic el tráfico
60%
street la calle
60%
key la llave
60%
truck el camión
50%
gas station la gasolinera
50%
motorcycle la moto (motocicleta)
50%
noise el ruido
40%
highway; freeway la autopista
40%
air conditioning el aire acondicionado
30%
ticket el boleto
30%
traffic light el semáforo
30%
bus stop la parada
30%
trunk el baúl
20%
windshield el parabrisas
20%
driver's license la licencia (de conducir)
20%
tire la llanta
20%
traffic ticket; fine la multa
20%
parking el estacionamiento
10%
steering wheel el volante
10%
heat la calefacción
10%
windshield wiper el limpiaparabrisas
0%
pedestrian el peatón / la peatona
0%
auto repair shop el taller mecánico
0%
No matching quizzes found
Score Distribution
Percent of People with Each Score
Percentile by Number Answered
Your Score History
You have not taken this quiz